| 000 | 01720cam a2200445La 4500 | ||
|---|---|---|---|
| 001 | 85545 | ||
| 005 | 20230411090044.0 | ||
| 008 | 981208s1998 cl i000 0 eng d | ||
| 035 | _a(OCoLC)ocn153303840 | ||
| 040 |
_aNNUN _cNYDRD |
||
| 020 | _a9213214359 | ||
| 020 | _a9789213214350 | ||
| 022 | _a02522195 | ||
| 035 | _a(OCoLC)153303840 | ||
| 037 |
_a96.II.G.4 _bUnited Nations Publications, Room DC2-0853, Dept. I004, New York, N.Y. 10017 |
||
| 084 |
_aDHL ST/CEPAL(05)/C8/no.75 _2z |
||
| 086 |
_a[E/]LC/G.1878 _2undoc |
||
| 086 |
_a[E/]LC/DEM/G.162 _2undoc |
||
| 049 | _aGRAL | ||
| 245 | 0 | 0 | _aCrecimiento de la población y desarrollo económico. |
| 260 |
_aSantiago : _bNaciones Unidas, _c1996. |
||
| 300 |
_a95, [11] p. _bcharts. |
||
| 490 | 1 |
_aCuadernos de la CEPAL _x0252-2195 ; _v75 |
|
| 500 | _aIncludes bibliographical references. | ||
| 500 | _aPrepared by Walter Mertens, consultant of the Latin American Demographic Centre within the framework of the preparatory activities for the Latin American and Caribbean Regional Conference on Population and Development, Mâexico, Apr. 1993. | ||
| 500 | _aUN Job no.: S957871 S. | ||
| 500 | _aUN sales no.: 96.II.G.4. | ||
| 500 | _aMaterial type: Sales publications (UN). | ||
| 506 | _aDistribution: General. | ||
| 611 | 2 | 7 |
_aLatin American and Caribbean Regional Conference on Population and Development (1993 : Mexico City) _2unbisn |
| 650 | 0 | 7 |
_aPOPULATION GROWTH. _2unbist |
| 650 | 0 | 7 |
_aECONOMIC DEVELOPMENT. _2unbist |
| 700 | 1 | _aMertens, Walter. | |
| 710 | 2 | _aUN. ECLAC. | |
| 710 | 2 | _aLatin American Demographic Centre. | |
| 830 | 0 |
_aCuadernos de la CEPAL ; _v75. |
|
| 942 |
_2lcc _cbk |
||
| 994 |
_aC0 _bDRFGD |
||
| 946 | _aweb | ||
| 999 |
_c111682 _d111682 |
||